Most Populous Counties in Iowa - Statistics

General Stats
  • This quiz has been taken 35 times
  • The average score is 9 of 15
Answer Stats
Population County % Correct
498,817 {Polk} County
87%
153,322 {Johnson} County
73%
100,453 {Dallas} County
70%
98,089 {Dubuque} County
70%
97,789 {Story} County
70%
130,238 {Black Hawk} County
67%
173,223 {Scott} County
63%
38,603 {Des Moines} County
60%
228,592 {Linn} County
60%
46,413 {Clinton} County
47%
93,090 {Pottawattamie} County
47%
42,244 {Muscatine} County
43%
52,370 {Warren} County
40%
104,291 {Woodbury} County
40%
42,066 {Cerro Gordo} County
37%
No matching quizzes found
Score Distribution
Percent of People with Each Score
Percentile by Number Answered
Your Score History
You have not taken this quiz